00595nam a2200193Ia 450000500170000000800410001702000230005804000190008104100120010008200170011224500970012926000370022630000180026350400280028165000220030965100370033170000230036885000100039120240108090716.0131103s9999 xx 000 0 und d a8126011947cRs 500 aLoreto College aEnglish a891.403bDAT aEncyclopaedia of Indian Literature b Volume II Devraj to Jyoti cChief Editor Amaresh Datta aNew DelhibSahitya Akademic1988 axv,989-1901p  aVol V not in collection aIndian Literature aIndian Literature, Encyclopaedia aDatta, Amaresh, ed aLCLIB